Economics at large: an advanced textbook on macro-economics

Gorde:
Xehetasun bibliografikoak
Egile nagusia: Simkin, C. G (Egilea)
Formatua: Liburua
Hizkuntza:ingelesa
Argitaratua: Londres Weidenfeld and Nicolson 1968
Gaiak:
Etiketak: Etiketa erantsi
Etiketarik gabe, Izan zaitez lehena erregistro honi etiketa jartzen!

MARC

LEADER 00000nam a2200000 a 4500
001 UCQ1295
003 CL-VaPUC
008 980709e19680000UK |||||||||||||||||eng|d
082 0 4 |a 339  |b SIM  |2 21 
100 0 |a Simkin, C. G  |e author  |9 415037 
245 1 0 |a Economics at large: an advanced textbook on macro-economics 
300 |a 211 p 
942 |c BK 
945 |d 19980709 00:00:00  |a crobeson 
260 |a Londres  |b Weidenfeld and Nicolson  |c 1968 
650 0 |a Macroeconomía   |9 260301 
650 0 |a Inflación   |9 257218 
650 7 |a DEMANDA  |2 CL-VaPUC  |9 255172 
650 0 |a Precios   |9 260787 
650 0 |a Economía   |9 255568 
650 0 |a Dinero  |9 314331 
650 7 |a INTERESES  |2 CL-VaPUC  |9 358017 
650 0 |a Política fiscal  |9 317354 
650 0 |a Empleo  |9 339124 
650 0 |a Consumo  |9 333893 
650 0 |a Política monetaria  |9 258279 
650 0 |a Producción   |9 263680 
583 |a last modification  |c 19980709 00:00:00  |k Rodrigo Vera 
999 |c 272297  |d 272295